LIBRARY & INFORMATION CENTRE, KCAET, TAVANUR

ONLINE PUBLIC ACCESS CATALOGUE (OPAC)

Engineering Chemistry (Record no. 14726)

MARC details
000 -LEADER
fixed length control field 00329nam a22001337a 4500
020 ## - INTERNATIONAL STANDARD BOOK NUMBER
ISBN 9789381714522
082 ## - DEWEY DECIMAL CLASSIFICATION NUMBER
Classification number 540.162
Item number EMI/EN
245 ## - TITLE STATEMENT
Title Engineering Chemistry
250 ## - EDITION STATEMENT
Edition statement 1
260 ## - PUBLICATION, DISTRIBUTION, ETC. (IMPRINT)
Place of publication New Delhi
Name of publisher Med0 Tec- Scientific International Pvt. Ltd.
Year of publication 2014
300 ## - PHYSICAL DESCRIPTION
Number of Pages 906
700 ## - ADDED ENTRY--PERSONAL NAME
Personal name Emich,Friedrich
942 ## - ADDED ENTRY ELEMENTS (KOHA)
Koha item type Book Bank scheme for SC students
Holdings
Withdrawn status Lost status Damaged status Collection code Home library Current library Shelving location Date acquired Source of acquisition Cost, normal purchase price Full call number Accession Number Koha item type
        KAUAET KAUAET Scheme 25/08/2016 Dream Tech Publishers & Book Sellers, Trivandrum. 695.00 540.162 EMI/EN BB 343 Book Bank scheme for SC students
        KAUAET KAUAET Scheme 25/08/2016 Dream Tech Publishers & Book Sellers, Trivandrum. 695.00 540.162 EMI/EN BB 344 Book Bank scheme for SC students
free website counter